000076682 001__ 76682
000076682 005__ 20190115134153.0
000076682 037__ $$aTAZ-TFG-2018-3342
000076682 041__ $$aspa
000076682 1001_ $$aAndreu Forner, David
000076682 24200 $$aMillenarisnism: a historical approximation
000076682 24500 $$aEl Milenarismo: una aproximación histórica
000076682 260__ $$aZaragoza$$bUniversidad de Zaragoza$$c2018
000076682 506__ $$aby-nc-sa$$bCreative Commons$$c3.0$$uhttp://creativecommons.org/licenses/by-nc-sa/3.0/
000076682 520__ $$aSe trata de un breve estudio del milenarismo europeo, centrado en las épocas medieval y moderna; estudiando el surgimiento de los movimientos de esta índole, se analizan sus causas y sus consecuencias, además de desarrollar un pequeño esbozo de la historia propia de cada movimiento, desde sus orígenes hasta ejemplos en otras culturas, además de analizar movimientos similares en la Edad Contemporánea y algunos intentos en América Latina y África.
000076682 521__ $$aGraduado en Historia
000076682 540__ $$aDerechos regulados por licencia Creative Commons
000076682 700__ $$aGascón Pérez, Jesús$$edir.
000076682 7102_ $$aUniversidad de Zaragoza$$b $$c
000076682 8560_ $$f705769@celes.unizar.es
000076682 8564_ $$s573970$$uhttps://zaguan.unizar.es/record/76682/files/TAZ-TFG-2018-3342.pdf$$yMemoria (spa)
000076682 909CO $$ooai:zaguan.unizar.es:76682$$pdriver$$ptrabajos-fin-grado
000076682 950__ $$a
000076682 951__ $$adeposita:2019-01-15
000076682 980__ $$aTAZ$$bTFG$$cFFYL
000076682 999__ $$a20180917091642.CREATION_DATE